000 00308cam a22001097a 4500
008 180718b2002 xxu||||| |||| 00| 0 eng d
100 _aKhanna, S.Santosh
245 _aUpbhokta sanrakshan kanoon
_cby S.Santosh Khanna
260 _aDelhi
_bVidhi Bharti Parishad
_c2002
300 _a118p.
650 _aLaw-justice
999 _c439963
_d439963